000 00416nam a22001697a 4500
005 20251108175237.0
008 250721s9999 xx 000 0 eng d
082 1 4 _a341.67/INT
245 1 0 _aInternational Review of the Red Cross /
264 _b[د.ن],
_c[200-].
300 _avol . 94
650 1 7 _aINTERNATIONAL LAW
650 1 7 _aLAW
650 1 7 _aHUMANITARIAN LAW
942 _2ddc
_cBK
999 _c129585
_d129585